000
00290nam a22001097a 4500
020
_a
9780132333337
082
_a
428.24 AZA
245
_a
Understanding and using English grammar
_b
Azar, Betty Schrampfer
260
_a
New York
_b
Pearson Education
_c
2009
590
_a
....
942
_2
ddc
_c
BK
999
_c
617069
_d
617069